Data mining : (Record no. 190401)

MARC details
000 -LEADER
fixed length control field 00694nam a2200217Ia 4500
005 - DATE AND TIME OF LATEST TRANSACTION
control field 20251209124703.0
008 - FIXED-LENGTH DATA ELEMENTS--GENERAL INFORMATION
fixed length control field 210716s2008 xx 000 0 und d
020 ## - INTERNATIONAL STANDARD BOOK NUMBER
International Standard Book Number 0849318157
040 ## - CATALOGING SOURCE
Transcribing agency AIMIT LIBRARY
041 ## - LANGUAGE CODE
Language code of text/sound track or separate title eng
082 ## - DEWEY DECIMAL CLASSIFICATION NUMBER
Classification number 005.762
Edition number 1
Item number THUB
100 ## - MAIN ENTRY--PERSONAL NAME
Personal name Thuraisingham, Bhavani.
9 (RLIN) 47185
245 ## - TITLE STATEMENT
Title Data mining :
Remainder of title technologies techniques tools and trends /
Statement of responsibility, etc. By Bhavani Thuraisingham.
250 ## - EDITION STATEMENT
Edition statement 1st ed.
260 ## - PUBLICATION, DISTRIBUTION, ETC.
Place of publication, distribution, etc. New Delhi :
Name of publisher, distributor, etc. Ane Books India ,
Date of publication, distribution, etc. 2008.
300 ## - PHYSICAL DESCRIPTION
Extent xii, 270p. ;
Dimensions 22.5 cm.
Other physical details PB
650 ## - SUBJECT ADDED ENTRY--TOPICAL TERM
Topical term or geographic name entry element Database systems
9 (RLIN) 47186
650 ## - SUBJECT ADDED ENTRY--TOPICAL TERM
Topical term or geographic name entry element The process of data mining
9 (RLIN) 47187
650 ## - SUBJECT ADDED ENTRY--TOPICAL TERM
Topical term or geographic name entry element Data mining tools
9 (RLIN) 47188
942 ## - ADDED ENTRY ELEMENTS (KOHA)
Source of classification or shelving scheme Dewey Decimal Classification
Koha item type Book
Edition 1st
Call number prefix 005.762 THUB
Holdings
Withdrawn status Lost status Damaged status Not for loan Collection code Home library Current library Date acquired Source of acquisition Total Checkouts Full call number Barcode Date last seen Price effective from Koha item type Source of classification or shelving scheme Cost, normal purchase price Inventory number Cost, replacement price
        MCA St Aloysius Institute of Management & Information Technology St Aloysius Institute of Management & Information Technology 07/16/2021 Donated   005.762 THUB MCA06123 05/23/2026 07/16/2021 Book        
        MCA St Aloysius Institute of Management & Information Technology St Aloysius Institute of Management & Information Technology   Athulya Books   005.762 THUB MCA08682 05/23/2026 07/16/2021 Book Dewey Decimal Classification 350.00 Bill no:ABK 505; Bill dt:2008-12 273.00
        MCA St Aloysius Institute of Management & Information Technology St Aloysius Institute of Management & Information Technology   Athulya Books   005.762 THUB MCA08948 05/23/2026 07/16/2021 Book Dewey Decimal Classification 350.00 Bill no:ABK 921; Bill dt:2009-03 273.00
        MCA St Aloysius Institute of Management & Information Technology St Aloysius Institute of Management & Information Technology   Current Books   005.762 THUB MCA09909 05/23/2026 07/16/2021 Book Dewey Decimal Classification 350.00 Bill no:27; Bill dt:2010-04-30 252.00